Les problèmes de la législation polonaise sur la sécurité du travail
Elmentve itt :
| Szerző: | |
|---|---|
| Dokumentumtípus: | Cikk |
| Sorozat: | Kolligátum
|
| Kulcsszavak: | Munkajog - lengyel |
| Online Access: | http://misc.bibl.u-szeged.hu/23363 |
| LEADER | 00557nab a2200157 i 4500 | ||
|---|---|---|---|
| 001 | misc23363 | ||
| 005 | 20191111110820.0 | ||
| 008 | 170720suuuu hu o 0|| zxx d | ||
| 040 | |a SZTE Miscellanea Repozitórium |b hun | ||
| 041 | |a zxx | ||
| 100 | 1 | |a Modliński Eugeniusz | |
| 245 | 1 | 4 | |a Les problèmes de la législation polonaise sur la sécurité du travail |h [elektronikus dokumentum] / |c Modliński Eugeniusz |
| 300 | |a 1-14 | ||
| 490 | 0 | |a Kolligátum | |
| 695 | |a Munkajog - lengyel | ||
| 856 | 4 | 0 | |u http://misc.bibl.u-szeged.hu/23363/1/87564_001-014.pdf |z Dokumentum-elérés |